| 000 | 00496ngm a22001937a 4500 | ||
|---|---|---|---|
| 005 | 20170217120840.0 | ||
| 008 | 160921b xxu||||| |||| 00| 0 spa d | ||
| 041 | _aspa | ||
| 082 | _a2 DVD | ||
| 100 |
_aPosada, Joachin de _940402 |
||
| 245 | _aSobreviviendo entre pirañas: factor mental | ||
| 260 | _c2013 | ||
| 300 | _a60 minutos | ||
| 650 |
_aDESARROLLO EMPRESARIAL _98416 |
||
| 650 |
_aMOTIVACIÓN _940409 |
||
| 650 |
_aCAMBIO _95659 |
||
| 650 |
_aMEJORA CONTINUA _9694 |
||
| 942 | _cDVD | ||
| 999 |
_c8844 _d8844 |
||